Živiny a živinové potřeby člověka : učebnice pro studenty ČZU v Praze /

Hlavní autor: Havlík, Jaroslav, 1978-
Korporativní autor: Česká zemědělská univerzita v Praze. Fakulta agrobiologie, potravinových a přírodních zdrojů
Další autoři: Marounek, Milan, 1946-
Jazyk: Čeština
Vydáno: V Praze : Česká zemědělská univerzita v Praze, 2012
Vydání: Vyd. 1.
Témata:
Fyzický popis: 131 s. : il. ; 30 cm
Knihy
Uloženo v:
LEADER 02181nam a2200517 a 4500
001 nkc20122346518
003 CZ PrNK
005 20120808125050.0
007 ta
008 120615s2012 xr a e p 000 0 cze
015 |a cnb002346518 
020 |a 978-80-213-2269-1  |q (brož.) :  |c Kč 149,00 
035 |a (OCoLC)798993489 
040 |a ABA001  |b cze 
072 7 |a 612  |x Fyziologie člověka a srovnávací fyziologie  |2 Konspekt  |9 14 
072 7 |a 37.016  |x Učební osnovy. Vyučovací předměty. Učebnice  |2 Konspekt  |9 22 
080 |a 613.2  |2 MRF 
080 |a 612.39  |2 MRF 
080 |a 612.3  |2 MRF 
080 |a (075.8)  |2 MRF 
100 1 |a Havlík, Jaroslav,  |d 1978-  |7 uzp2010609524  |4 aut 
245 1 0 |a Živiny a živinové potřeby člověka :  |b učebnice pro studenty ČZU v Praze /  |c Jaroslav Havlík, Milan Marounek 
250 |a Vyd. 1. 
260 |a V Praze :  |b Česká zemědělská univerzita v Praze,  |c 2012 
300 |a 131 s. :  |b il. ;  |c 30 cm 
500 |a Pod názvem: Česká zemědělská univerzita v Praze, Fakulta agrobiologie, potravinových a přírodních zdrojů 
500 |a 80 výt. 
504 |a Obsahuje bibliografické odkazy 
521 8 |a Učební text pro posluchače přednášek z předmětu Živiny a živinové potřeby člověka pro 2. ročníky studijního oboru ATZD - Výživa a potraviny na ČZU v Praze 
650 0 7 |a výživa člověka  |7 ph127487  |2 czenas 
650 0 7 |a hygiena výživy  |7 ph120989  |2 czenas 
650 0 7 |a trávení  |7 ph135087  |2 czenas 
650 0 7 |a jídlo  |7 ph634636  |2 czenas 
650 0 9 |a human nutrition  |2 eczenas 
650 0 9 |a nutrition hygiene  |2 eczenas 
650 0 9 |a digestion  |2 eczenas 
650 0 9 |a food  |2 eczenas 
655 7 |a učebnice vysokých škol  |7 fd133772  |2 czenas 
655 9 |a textbooks (higher)  |2 eczenas 
700 1 |a Marounek, Milan,  |d 1946-  |7 uzp2009504210  |4 aut 
710 2 |a Česká zemědělská univerzita v Praze.  |b Fakulta agrobiologie, potravinových a přírodních zdrojů  |7 ko2005264397 
910 2 |a BOA001  |b 4-1287.648 
990 |a BK 
995 |a 01 
991 |b 201206  |c NOV  |e n 
996 6 |b 2610514173  |c 4-1287.648  |l MZK  |r Sklad / do 1 hodiny  |n 6  |p p.v.  |w 001257008  |u 000010  |a 1  |e BOA001  |j MZK50  |s P